| Tag |
First Indicator |
Second Indicator |
Subfields |
| LEADER |
00000nem a2200000 i 4500 |
| 001 |
in00004645461 |
| 008 |
230201s1944 gw a 0 eng d |
| 007 |
aj canzn |
| 005 |
20230201234412.7 |
| 035 |
|
|
|a (OCoLC)on1368018708
|
| 040 |
|
|
|a TXA
|b eng
|e rda
|c TXA
|
| 034 |
0 |
|
|a a
|d W0051500
|e E0064500
|f N0515000
|g N0474300
|2 bound
|
| 035 |
|
|
|a (OCoLC)1368018708
|
| 043 |
|
|
|a n-us---
|a ew-----
|
| 050 |
|
4 |
|a G5721.S7 1944
|b .M47
|
| 052 |
|
|
|a 5721
|
| 245 |
0 |
0 |
|a Merry Christmas 1944 V Corps Artillery.
|
| 246 |
3 |
|
|a Merry Christmas 1944 5th Corps Artillery
|
| 255 |
|
|
|a Scale not given
|c (W 5°15ʹ00ʺ--E 6°45ʹ00ʺ/N 51°50ʹ00ʺ--N 47°43ʹ00ʺ)
|
| 264 |
|
1 |
|a [Place of publication not identified] :
|b [Publisher not identifed],
|c [1944]
|
| 300 |
|
|
|a 1 map :
|b color ;
|c 20 x 42 cm, on sheet 55 x 73 cm
|
| 336 |
|
|
|a cartographic image
|b cri
|2 rdacontent
|
| 337 |
|
|
|a unmediated
|b n
|2 rdamedia
|
| 338 |
|
|
|a sheet
|b nb
|2 rdacarrier
|
| 500 |
|
|
|a Covers England, France, Belgium, Luxembourg, Holland, Germany.
|
| 500 |
|
|
|a Surrounding the map are the names with facsimile signatures of the V Corps Artillery commanding unit and the 12 field artillery battalions and command groups that comprise the V Corps Artillery, under the command of "General Helmick".
|
| 610 |
1 |
0 |
|a United States.
|b Army.
|b Corps, 5th.
|b Artillery
|x History
|v Maps.
|
| 650 |
|
0 |
|a World War, 1939-1945
|x Campaigns
|z Western Front
|v Maps.
|
| 650 |
|
0 |
|a World War, 1939-1945
|x Regimental histories
|z United States
|v Maps.
|
| 650 |
|
0 |
|a World War, 1939-1945
|x Artillery operations, American
|v Maps.
|
| 655 |
|
7 |
|a Military maps.
|2 lcgft
|
| 655 |
|
7 |
|a Thematic maps.
|2 lcgft
|
| 700 |
1 |
|
|a Helmick, Charles G.
|q (Charles Gardiner),
|d 1892-1991.
|
| 994 |
|
|
|a Z0
|b TXA
|
| 948 |
|
|
|h HELD BY TXA - 0 OTHER HOLDINGS
|
| 999 |
f |
f |
|s ab0dc6c3-978c-45ae-be4e-cb9fe444166e
|i cb689261-29dc-4605-9afa-83160acd1f08
|t 0
|
| 952 |
f |
f |
|p noncirc
|a Texas A&M University
|b College Station
|c Cushing Memorial Library & Archives
|d Cushing: Ragan Military (Does not check out)
|t 0
|e G5721.S7 1944 .M47
|f Flat File
|h Library of Congress classification
|i unmediated -- sheet
|m A1485289413C
|
| 998 |
f |
f |
|a G5721.S7 1944 .M47
|t 0
|l Cushing: Ragan Military (Does not check out)
|